000 00624cam a22002053a 4500
001 33815
003 PGUSA
005 20140828083730.0
008 100927s2010||||xxu|||||s|||||000 | eng d
040 _aPGUSA
_beng
042 _adc
100 1 _aWilson, Epiphanius,
_d1845-1916
245 1 4 _aThe Wisdom of Confucius :
_bwith Critical and Biographical Sketches
_h[electronic resource] /
_cEpiphanius Wilson
260 _bProject Gutenberg,
_c2010
506 _aPublic domain in the USA.
516 _aElectronic text
830 0 _aProject Gutenberg
_v33815
856 4 0 _uhttp://www.gutenberg.org/ebooks/33815
942 _cEB
999 _c263070
_d263070